000 00506nam a2200193Ia 4500
005 20250326143529.0
008 250326s9999 xx 000 0 und d
037 _aTextbook
040 _aFMSL
_beng
_cFMSL
041 _aeng
_2eng
084 _aL P4
_qFMSL
100 _aBaggot Rob
_9748148
245 0 _aHealth and health care in Britain
_cBaggot Rob
250 _a3rd
260 _aNew York
_bNew York, Palgrave
_c2004
300 _a428p
942 _cTB
_hL P4
999 _c1299974
_d1299974